|
|
|
|
| LEADER |
01723nam a22003614a 4500 |
| 001 |
33771 |
| 003 |
BD-DhAAL |
| 005 |
20211121150002.0 |
| 008 |
180916t2003 nyu b 001 0 eng |
| 999 |
|
|
|c 39956
|d 39956
|
| 010 |
|
|
|a 2002032810
|
| 020 |
|
|
|a 0060507144 (paper : alk. paper)
|
| 040 |
|
|
|a DLC
|c DLC
|d DLC
|d BD-DhAAL
|
| 042 |
|
|
|a pcc
|
| 043 |
|
|
|a aw-----
|a ff-----
|
| 050 |
0 |
0 |
|a BP163
|b .N2813 2003
|
| 082 |
0 |
0 |
|a 297
|2 21
|
| 100 |
1 |
|
|a Nasr, Seyyed Hossein.
|9 28136
|
| 245 |
1 |
0 |
|a Islam :
|b religion, history, and civilization /
|c Seyyed Hossein Nasr.
|
| 246 |
|
|
|a Islam
|
| 260 |
|
|
|a New York :
|b HarperOne,
|c c2003.
|
| 300 |
|
|
|a xxv, 198 pages ;
|c 19 cm.
|
| 504 |
|
|
|a Includes bibliographical references and index.
|
| 505 |
|
|
|a Islam and the Islamic world --
Islam as religion --
Doctrines and beliefs of Islam --
Dimensions of Islam --
Islamic practices, ethics, and institutions --
Brief journey through Islamic history --
Schools of Islamic thought and their history --
Islam in the contemporary world.
|
| 541 |
|
|
|a Karim International
|e 33771, 33772
|
| 650 |
|
0 |
|a Islam
|x Essence, genius, nature.
|9 28137
|
| 650 |
|
0 |
|a Islamic civilization.
|9 28138
|
| 650 |
|
0 |
|a Islam
|x History.
|9 28139
|
| 650 |
|
0 |
|a English language.
|9 42922
|
| 852 |
|
|
|a Ayesha Abed Library
|c General Stacks
|
| 942 |
|
|
|2 ddc
|c BK
|
| 952 |
|
|
|0 0
|1 0
|2 ddc
|4 0
|6 297_000000000000000_SEY
|7 0
|9 64387
|a BRACUL
|b BRACUL
|c GEN
|d 2018-09-13
|e Karim International
|g 1620.00
|l 4
|m 17
|o 297 SEY
|p 3010033771
|r 2024-11-12
|s 2024-10-22
|t 1
|v 1620.00
|w 2018-09-13
|y BK
|
| 952 |
|
|
|0 0
|1 0
|2 ddc
|4 0
|6 297_000000000000000_SEY
|7 0
|9 64388
|a BRACUL
|b BRACUL
|c GEN
|d 2018-09-13
|e Karim International
|g 1620.00
|l 4
|m 17
|o 297 SEY
|p 3010033772
|r 2026-04-26
|s 2026-04-23
|t 2
|v 1620.00
|w 2018-09-13
|y BK
|